MDQL
is popping MORE tags! Check the
thread
!
Quizzes
Events
Quiz Creation
Community
Videos
Private Events
Remove Ads
Sign In
Join for FREE
Feedback
Dark Mode
Quiz Categories
Sports
Geography
Music
Movies
Television
Just For Fun
Miscellaneous
History
Literature
Language
Science
Gaming
Entertainment
Religion
Holiday
For Kids
Quiz Lab
Recent
Popular Today
Quiz Kudos Today
Editor Picks
Curator Picks
Quizzes by...
Day
Popularity
Type
Ratings
Length
Year
Community
Subscriptions
Recent Discussions
Orange Saloon
Badges
Playlists
Quests
Create
Leaderboards
Showdown
Live 5
Trivia Bingo
Activity
Puzzle Library
Sporcle Events
Private Events
Virtual Trivia
Globe League
Become a Host
Pub Owners
SporcleCon
Opinionation
Our Games
Videos
Blog
Mobile Apps
Partnerships
Remove Ads and Go Orange
Feedback
Sports
Athletes
MLB
NBA
NHL
NFL
Soccer
Sports Teams
WWE
NCAA
Football
Premier League
Basketball
Baseball
Hockey
Golf
Tennis
Cricket
Rugby
Auto Racing
Olympics
World Cup
Sports
Athletes
MLB
NBA
NHL
NFL
Soccer
Sports Teams
WWE
NCAA
Football
Premier League
Basketball
Baseball
Hockey
Golf
Tennis
Cricket
Rugby
Auto Racing
Olympics
World Cup
Random Quiz
Search Sporcle
×
Quiz Lab
Quiz Lab
Sports
Auto Racing
Type in answers that appear in a list
Type in answers that appear in a list
Classic
Best Score? Go Orange.
Substitute Drivers In Formula 1 (2000-2009) Stats
Can you name the Substitutes in F1 from 2000 to 2009
By
WaffleCat
9m
44 Questions
251 Plays
251 Plays
251 Plays
Comments
Comments
Give Quiz Kudos
Give Quiz Kudos
-
- Ratings
hide this ad
More Info
Forced Order
Answers have to be entered in order
Answers have to be entered in order
Replay
Link that replays current quiz
Next Quiz
Link to next quiz in quiz playlist
You Got
0%
They Got
Avg Score
72%
Avg Friend Score
Upgrade to see
Score Distribution
Jump to the score distribution portion of the page
Score
0/44
Timer
09:00
0
Plays Today
Team (Year)
Driver
% Correct
Ferrari (2009)
Giancarlo Fisichella
91.2%
Ferrari (2009)
Luca Badoer
90.8%
BMW Sauber (2007)
Sebastian Vettel
89.6%
McLaren (2006)
Pedro de la Rosa
86.9%
McLaren (2005)
Pedro de la Rosa
86.1%
Renault (2009)
Romain Grosjean
85.7%
Toro Rosso (2007)
Sebastian Vettel
84.1%
Toyota (2009)
Kamui Kobayashi
84.1%
Spyker (2007)
Markus Winkelhock
82.9%
BMW Sauber (2006)
Robert Kubica
82.1%
McLaren (2005)
Alexander Wurz
80.9%
Red Bull (2005)
Vitantonio Liuzzi
80.9%
Toro Rosso (2009)
Jaime Alguersuari
79.3%
Force India (2009)
Vitantonio Liuzzi
78.9%
Williams (2007)
Kazuki Nakajima
78.1%
Red Bull (2006)
Robert Doornbos
76.9%
Super Aguri (2006)
Sakon Yamamoto
76.5%
Renault (2004)
Jacques Villeneuve
76.1%
Super Aguri (2006)
Franck Montagny
76.1%
Jaguar (2000)
Luciano Burti
73.3%
Williams (2005)
Antonio Pizzonia
73.3%
Williams (2004)
Antonio Pizzonia
72.9%
Team (Year)
Driver
% Correct
Williams (2004)
Marc Gené
72.1%
B.A.R. (2005)
Anthony Davidson
71.7%
Williams (2003)
Marc Gené
70.5%
Spyker (2007)
Sakon Yamamoto
70.1%
Minardi (2001)
Alex Yoong
69.7%
Jordan (2001)
Jean Alesi
69.3%
Jordan (2004)
Timo Glock
69.3%
Prost (2001)
Heinz-Harald Frentzen
68.5%
B.A.R. (2003)
Takuma Sato
67.3%
Jaguar (2003)
Justin Wilson
66.9%
Prost (2001)
Tomas Enge
65.3%
Toyota (2004)
Jarno Trulli
63.7%
Toyota (2005)
Ricardo Zonta
62.9%
Minardi (2005)
Robert Doornbos
62.9%
Toyota (2004)
Ricardo Zonta
62.5%
Jordan (2003)
Zsolt Baumgartner
61.8%
Minardi (2002)
Anthony Davidson
59.8%
Jaguar (2001)
Pedro de la Rosa
58.6%
Prost (2001)
Luciano Burti
58.6%
Jordan (2001)
Ricardo Zonta
58.2%
Minardi (2003)
Nicolas Kiesa
57.8%
Sauber (2002)
Heinz-Harald Frentzen
55.8%
Quiz Playlist
Details
Report
Send in Message
Add To Playlist
More Info:
-- Substitutes are drivers that have taken over from a full-time driver in that season. Substitutes that only take part in Free Practice DO NOT count.
Classic:
Type in answers that appear in a list
Forced Order:
Answers have to be entered in order
Last Updated: Jan 5, 2023
Quiz Scoreboard
CHALLENGE
Sign Up to Join the Scoreboard
Show All
Scores
Hide
Comments
May contain spoilers
Recently Published
5x2 Blitz: Bands
by SL_Kpop136
Music
30s
Colored Red Africa Blitz
by spor1
Geography
30s
Find the 'City' Movie
by crazypaving
Movies
60s
More to Explore
Quiz From the Vault
Featured Blog Post
14 Easter Pick-up Lines to Find Eggs With
hide this ad
You Might Also Like...
Tags
Auto Racing Quiz
Driver
F1 Drivers
Formula 1
Formula One
motor
Motor Racing
motorsport
Prix Drivers
substitute
Today's Top Quizzes in Sports
Browse Sports
hide this ad
Today's Top Quizzes in Auto Racing
Browse Auto Racing
Top Contributed Quizzes in Sports
1
Players with Multiple 50 Home Run Seasons
2
Les entraîneurs de l'OM et du PSG au 21e siècle
3
Criteria MLB: Left Handed Sluggers
4
2022 World Cup Stars
5
Les meilleurs buteurs des matchs entre le PSG et l’OM
6
Who Hit More Homers?
7
Les joueurs passés par le PSG et l'OM
8
NBA Logic Puzzle 2.0
9
Top 10 NHL Goal Scorers of All Time
10
MLB Players with Two .350 Batting Average Seasons
Explore More
Trending Topics
NBA
Marvel
Crossword
Kpop
Anime
Harry Potter
Disney
NFL
Pokémon
Puzzle
Soccer
Country
Song
The Office
WWE
hide this ad
More By:
WaffleCat
Quiz
Plays
Rating
Category
Featured
Created
Non-Scoring World Cup Teams
3,001
4.61
Sports
Jun 25, 2014
Sunday Crossword: Formula One
2,056
3.70
Miscellaneous
Jun 29, 2020
Substitute Drivers in Formula 1 (2010-2017)
757
4.50
Sports
Apr 22, 2017
Crossword of Formula 1 Related Clues
703
5.00
Sports
Jun 7, 2020
Crossword of Formula 1 Related Clues II
609
5.00
Sports
Jun 17, 2020
Go to Creator's Profile
Score Distribution
Quiz Creator Spotlight
WaffleCat
Follow
Send a Message
Quizzes Created
-
Created Quiz Play Count
-
More By This Creator
Popular Quizzes Today
1
Colored Red Africa Blitz
2
Find the 'City' Movie
3
Find the US States - No Outlines Minefield
4
5x2 Blitz: Bands
5
The Countries of the World
6
Find the US States
7
US States
8
9x9 Crossword: Cartoon Network
More Sports Quizzes
Premier League Appearances (Arsenal)
Published
Trending Quizzes
Colored Red Europe Blitz I
Colored Red Europe Blitz II
Colored Red Africa Blitz II
Colored Red Europe Blitz III
Colored Red Africa Blitz III
Recently Updated
How Do You Spell That?
pecheneg
Godzilla Movies
pecheneg
Grab Bag: 4-10 Letters
pecheneg
2024 March Madness Bracket
pecheneg
Famous TV Couples
Peacemaker
Champions League XIs: Real Madrid
pecheneg
Largest US Cities 1790-2010
pecheneg
Rides in Walt Disney World
pecheneg
Most Oscar Losses (Acting)
pecheneg
Beyoncé Albums
pecheneg
Trending Topics
Marvel
Disney
Crossword
Kpop
Anime
NBA
Harry Potter
WWE
Soccer
NFL
The Office
Song
Puzzle
Pokémon
Country
Your Account Isn't Verified!
In order to create a playlist on Sporcle, you need to verify the email address you used during registration. Go to your
Sporcle Settings
to finish the process.
Report this User
Report this user for behavior that violates our
Community Guidelines
.
Details:
Send Report
Go to the Sporcle.com Mobile Site →
Comments